[Event "DOM-ch"]
[Site "Santo Domingo"]
[Date "2021.05.22"]
[Round "10"]
[White "Montero Montero, Alexandro"]
[Black "Lorenzo De Los Santos, Luis L"]
[Result "0-1"]
[WhiteElo "1919"]
[BlackElo "2132"]
[PlyCount "113"]
[EventDate "2021.05.07"]
[EventType "swiss"]
[EventRounds "11"]
[EventCountry "DOM"]
[SourceTitle "CBM 203 Extra"]
[Source "ChessBase"]
[SourceDate "2021.09.30"]
[SourceVersion "1"]
[SourceVersionDate "2021.09.30"]
[SourceQuality "1"]

1. e4 c5 2. Nf3 g6 3. c3 Bg7 4. d4 cxd4 5. cxd4 d5 6. exd5 Nf6 7. Nc3 Nxd5 8. Bc4 Nb6 9. Bb5+ Bd7 10. Be2 0-0 11. Be3 Be6 12. Ng5 Bc4 13. 0-0 Nc6 14. Nf3 Qd6 15. Qd2 Bxe2 16. Qxe2 Rfd8 17. Rfd1 Nd5 18. Rac1 Rac8 19. a3 Nxc3 20. Rxc3 e5 21. Rc4 Nxd4 22. Bxd4 Rxc4 23. Qxc4 exd4 24. Ne1 Qe6 25. Qb5 Re8 26. Kf1 a6 27. Qd3 Qb6 28. Rd2 Qc5 29. Rc2 Qd6 30. h3 h5 31. Nf3 b5 32. Ne1 Bf6 33. Nf3 Kg7 34. Re2 Rd8 35. g3 Qd5 36. Rc2 g5 37. b4 g4 38. hxg4 hxg4 39. Ng1 Qe6 40. Ne2 Qd5 41. Ng1 Re8 42. Rc5 Qe4 43. Qxe4 Rxe4 44. Rd5 Kf8 45. Ne2 Ke7 46. Nf4 Be5 47. Nd3 Bd6 48. Rh5 Kd7 49. Rh6 Kc6 50. Rh5 a5 51. Rf5 axb4 52. axb4 Re7 53. Rf4 Ra7 54. Rxg4 Kd5 55. Rg5+ Kc4 56. Nb2+ Kxb4 57. Rd5 0-1

[Event "DOM-ch"]
[Site "Santo Domingo"]
[Date "2021.05.15"]
[Round "7"]
[White "Camacho Campusano, David Daniel"]
[Black "Montero Montero, Alexandro"]
[Result "1/2-1/2"]
[WhiteElo "2199"]
[BlackElo "1919"]
[PlyCount "147"]
[EventDate "2021.05.07"]
[EventType "swiss"]
[EventRounds "11"]
[EventCountry "DOM"]
[SourceTitle "CBM 203 Extra"]
[Source "ChessBase"]
[SourceDate "2021.09.30"]
[SourceVersion "1"]
[SourceVersionDate "2021.09.30"]
[SourceQuality "1"]

1. e4 e5 2. Nf3 Nc6 3. Bc4 Bc5 4. c3 Nf6 5. d3 0-0 6. 0-0 d6 7. a4 a5 8. Nbd2 Be6 9. Re1 h6 10. Qb3 Qd7 11. Nf1 Bg4 12. Qd1 d5 13. exd5 Nxd5 14. h3 Bxf3 15. Qxf3 Rad8 16. Be3 Nxe3 17. Nxe3 Bxe3 18. Rxe3 Qd6 19. Rae1 Rd7 20. Bb5 f6 21. Kf1 Rfd8 22. h4 Re7 23. Bxc6 bxc6 24. d4 c5 25. dxe5 fxe5 26. Qe2 Rde8 27. Qc4+ Kh8 28. Rd3 Qf6 29. g3 e4 30. Rde3 Qf5 31. Kg2 c6 32. Qa6 Rb8 33. R1e2 Reb7 34. Qxc6 Rxb2 35. Qxe4 Qxe4+ 36. Rxe4 R2b3 37. Re8+ Rxe8 38. Rxe8+ Kh7 39. h5 Rxc3 40. Ra8 Ra3 41. Rxa5 c4 42. Ra7 c3 43. Rc7 Rxa4 44. Rxc3 Kg8 45. Kh3 Kf7 46. Rc6 Ra2 47. f4 Ra7 48. Kg4 Rb7 49. Rc5 Ra7 50. Kf5 Kg8 51. Rd5 Rf7+ 52. Ke6 Ra7 53. Rd8+ Kh7 54. g4 Ra5 55. Rd6 Rb5 56. f5 Rb4 57. f6 gxf6 58. Rd7+ Kh8 59. Kf5 Rb5+ 60. Kxf6 Rg5 61. Rd4 Kh7 62. Re4 Kg8 63. Rc4 Kh7 64. Kf7 Rg7+ 65. Ke6 Rg5 66. Rd4 Kg7 67. Rf4 Kh7 68. Ke7 Kg7 69. Rf7+ Kg8 70. Rf8+ Kg7 71. Rf4 Kg8 72. Ke6 Kg7 73. Rd4 Kg8 74. Kf6 1/2-1/2

[Event "DOM-ch"]
[Site "Santo Domingo"]
[Date "2021.05.14"]
[Round "5"]
[White "Barjan Pinedo, Jose Antonio"]
[Black "Montero Montero, Alexandro"]
[Result "0-1"]
[WhiteElo "2054"]
[BlackElo "1919"]
[PlyCount "42"]
[EventDate "2021.05.07"]
[EventType "swiss"]
[EventRounds "11"]
[EventCountry "DOM"]
[SourceTitle "CBM 203 Extra"]
[Source "ChessBase"]
[SourceDate "2021.09.30"]
[SourceVersion "1"]
[SourceVersionDate "2021.09.30"]
[SourceQuality "1"]

1. e4 e5 2. d4 d6 3. Bc4 Nc6 4. c3 Nf6 5. Qb3 Qd7 6. Nf3 Na5 7. Bxf7+ Qxf7 8. Qa4+ Nc6 9. dxe5 Ng4 10. exd6 Bxd6 11. 0-0 0-0 12. h3 Nge5 13. Nxe5 Nxe5 14. f4 Nd3 15. f5 Nxc1 16. Rxc1 Bxf5 17. Rf1 Bd7 18. Rxf7 Bxa4 19. Rf3 Rad8 20. b4 Be5 21. Na3 Rxf3 0-1

[Event "Santo Domingo Duarte Memorial 8th"]
[Site "Santo Domingo"]
[Date "2019.01.27"]
[Round "8"]
[White "Montero Montero, Alexandro"]
[Black "Mendez Ramirez, Victor"]
[Result "0-1"]
[WhiteElo "1873"]
[BlackElo "1944"]
[PlyCount "37"]
[EventDate "2019.01.18"]
[EventType "swiss"]
[EventRounds "8"]
[EventCountry "DOM"]
[SourceTitle "CBM 188 Extra"]
[Source "ChessBase"]
[SourceDate "2019.02.26"]
[SourceVersion "1"]
[SourceVersionDate "2019.02.26"]
[SourceQuality "1"]

1. e4 e6 2. d4 d5 3. exd5 exd5 4. Bd3 Bd6 5. Nf3 Nc6 6. 0-0 Bg4 7. Re1+ Nge7 8. c3 Qd7 9. a4 f6 10. Na3 a6 11. Nc2 0-0 12. Ne3 Bh5 13. b3 Rae8 14. Bb2 Nd8 15. Be2 Bf7 16. Nc2 Ne6 17. c4 c6 18. Bd3 Bg6 19. Bf5 0-1

[Event "Santo Domingo De La Madre op"]
[Site "Santo Domingo"]
[Date "2018.06.02"]
[Round "7"]
[White "Montero Montero, Alexandro"]
[Black "Diaz, Eugenio Daniel"]
[Result "1-0"]
[WhiteElo "1758"]
[BlackElo "1934"]
[PlyCount "63"]
[EventDate "2018.05.18"]
[EventType "swiss"]
[EventRounds "8"]
[EventCountry "DOM"]
[SourceTitle "CBM 184 Extra"]
[Source "ChessBase"]
[SourceDate "2018.06.28"]
[SourceVersion "1"]
[SourceVersionDate "2018.06.28"]
[SourceQuality "1"]

1. e4 e6 2. d4 d5 3. Bd3 dxe4 4. Bxe4 Nf6 5. Bf3 Nc6 6. Ne2 Be7 7. c4 0-0 8. 0-0 a5 9. Nbc3 Re8 10. Nb5 Na7 11. Nbc3 Rb8 12. Qc2 b6 13. Rd1 Bb7 14. d5 Bd6 15. Bg5 h6 16. Bh4 g5 17. Bg3 exd5 18. Nxd5 Nxd5 19. Bxd5 Bxd5 20. Rxd5 Qe7 21. Bxd6 cxd6 22. Ng3 Nc6 23. Qd2 Ne5 24. b3 Rbd8 25. Rd1 Ng6 26. Nf5 Qf6 27. Nxh6+ Kh7 28. Ng4 Qe6 29. Qxg5 Nf4 30. h3 f5 31. Qxf4 fxg4 32. Qxg4 1-0

[Event "Santo Domingo Duarte Memorial 7th"]
[Site "Santo Domingo"]
[Date "2018.01.12"]
[Round "1"]
[White "Zorrilla Jimenez, Wilber Edwin"]
[Black "Montero Montero, Alexandro"]
[Result "1-0"]
[WhiteElo "2082"]
[BlackElo "1757"]
[PlyCount "95"]
[EventDate "2018.01.12"]
[EventType "swiss"]
[EventRounds "8"]
[EventCountry "DOM"]
[SourceTitle "CBM 182 Extra"]
[Source "ChessBase"]
[SourceDate "2018.02.23"]
[SourceVersion "1"]
[SourceVersionDate "2018.02.23"]
[SourceQuality "1"]

1. e4 e5 2. Nf3 Nc6 3. Bb5 a6 4. Ba4 Nf6 5. d3 Bc5 6. c3 b5 7. Bc2 d6 8. h3 h6 9. 0-0 0-0 10. Re1 Qe7 11. Nbd2 Nh7 12. Nf1 f5 13. d4 Bb6 14. dxe5 Nxe5 15. Nxe5 dxe5 16. exf5 Bb7 17. Be3 Rad8 18. Qe2 Bxe3 19. Qxe3 e4 20. Ng3 Qh4 21. Qa7 Rd2 22. Bb3+ Bd5 23. Bxd5+ Rxd5 24. Rxe4 Qd8 25. Qxa6 Ng5 26. Re2 Rd1+ 27. Rxd1 Qxd1+ 28. Kh2 Rxf5 29. Qc8+ Rf8 30. Qxc7 Qd3 31. Qe5 Rf6 32. Qe3 Qc4 33. b3 Qc6 34. Qe8+ Qxe8 35. Rxe8+ Kf7 36. Re2 g6 37. f3 Rc6 38. Ne4 Nxe4 39. Rxe4 Rxc3 40. Re5 Rc2 41. Rxb5 Rxa2 42. Rb6 h5 43. h4 Rb2 44. b4 Kg7 45. b5 Kf7 46. Kg3 Kg7 47. Rb8 Kf7 48. b6 1-0